Les joueurs du PSG en Ligue des Champions 2017/18. - Statistiques

Statistiques générales
  • Ce quiz a été pris 20 fois
  • Le résultat moyen est 16 sur 19
Statistiques - réponses
Pays Ages Joueurs Minutes G+A Notes % Correct
Uruguay 30 Edinson Cavani 680 8 7.29
100%
France 18 Kylian Mbappé 658 7 7.49
100%
Italie 24 Marco Verratti 640 4 7.58
100%
Brésil 23 Marquinhos 720 1 7.01
100%
Brésil 25 Neymar 630 9 8.73
100%
France 21 Presnel Kimpembe 198 0 6.60
100%
Brésil 32 Thiago Silva 522 0 7.10
94%
France 22 Adrien Rabiot 678 3 6.90
88%
France 24 Alphonse Areola 720 0 7.11
88%
Argentine 29 Angel Di Maria 143 2 6.92
88%
Allemagne 23 Julian Draxler 320 2 6.73
88%
Belgique 25 Thomas Meunier 25 0 6.20
88%
Italie 34 Thiago Motta 306 0 6.88
81%
Brésil 34 Dani Alves 720 2 7.35
75%
Argentine 28 Javier Pastore 71 0 6.87
69%
Argentine 21 Giovani Lo Celso 150 2 6.60
63%
France 24 Layvin Kurzawa 540 5 7.37
63%
Espagne 27 Yuri Berchiche 180 0 7.10
50%
France 32 Lassana Diarra 5 0 6.50
25%
Aucun quiz correspondant
Distribution des résultats
% des personnes avec chaque résultat
Percentile par nombre de réponses
Votre historique - résultats
Vous n’avez pas pris ce quiz